A shepherd's gift. / (Record no. 114470)
[ view plain ]
| 000 -LEADER | |
|---|---|
| fixed length control field | 00379nam a2200133 a 4500 |
| 005 - DATE AND TIME OF LATEST TRANSACTION | |
| control field | 20140414132101.0 |
| 008 - FIXED-LENGTH DATA ELEMENTS--GENERAL INFORMATION | |
| fixed length control field | 100717s19uu xx 00 eng d |
| 050 ## - LIBRARY OF CONGRESS CALL NUMBER | |
| Classification number | M 220.9 |
| Item number | C13 2001 |
| 100 ## - MAIN ENTRY--PERSONAL NAME | |
| Personal name | Calhoun, Mary |
| 245 ## - TITLE STATEMENT | |
| Title | A shepherd's gift. / |
| Statement of responsibility, etc | Mary Calhoun; illustrated by Raul Colon. |
| 260 ## - PUBLICATION, DISTRIBUTION, ETC. (IMPRINT) | |
| Place of publication, distribution, etc | New York : |
| Name of publisher, distributor, etc | Scholastic Inc, |
| Date of publication, distribution, etc | 2001. |
| Withdrawn status | Lost status | Damaged status | Home library | Current library | Shelving location | Date acquired | Total Checkouts | Full call number | Barcode | Date last seen | Price effective from | Koha item type |
|---|---|---|---|---|---|---|---|---|---|---|---|---|
| Munich Library | Munich Library | Main Section | 07/17/2010 | M 220.9 C13 2001 | M6309 | 04/14/2014 | 04/14/2014 | Books | ||||
| Munich Library | Munich Library | Main Section | 11/03/2010 | M 220.9 C13 2001 | M3256 | 04/14/2014 | 04/14/2014 | Books |